| 000 | 00471nam a22001577a 4500 | ||
|---|---|---|---|
| 003 | OSt | ||
| 005 | 20150906100412.0 | ||
| 008 | 150906b xxu||||| |||| 00| 0 eng d | ||
| 040 | _cRUA | ||
| 082 | _aAGR គង់ 1991 B004 Or.1 | ||
| 100 |
_979 _aគង់ សារឿន |
||
| 245 | _aសិក្សាប្រៀបធៀបទិន្ទផលពូជសណ្តែកសៀង | ||
| 260 |
_aPhnom Penh _bRUA _c1991 |
||
| 300 |
_a48p. _bill. _c29cm. |
||
| 942 |
_2ddc _cAGR |
||
| 999 |
_c75 _d75 |
||